=LDR 00000nam 2200000 4500 =001 INLIS000000000023555 =005 20130612122218 =008 ***********************************Ind** =035 ##$$0010-061300000023555 =041 ##$$a Ind =082 ##$$a 001.42 =090 ##$$a 001.42, Mar m =100 ##$$a Mardalis =245 ##$$a Metode penelitian, Suatu pendekatan peroposal, Mardalis =260 ##$$a 2004 $b Jakarta =300 ##$$a 108 hlm, 21 cm =650 ##$$a Penelitan Metode =850 ##$$a NBPNMAT